000
00334nam a2200133 a 4500
005
20140414093839.0
008
050820s19uu xx 00 eng d
050
_a
CD 782
_b
NEW 1996
245
_a
New wave wave front.
260
_b
Able Music International, Inc,
_c
c.
650
_a
Popular music.
942
_c
AVM
999
_c
109201
_d
109201